Kováč, A. - Jenkut, M.: Tvárniace stroje

Bibliographic Details
Main Author: (kp) (Author)
Format: Article
Language:Slovak
Subjects:

MARC

LEADER 00000nab a2200000 a 4500
001 vtls000032659
003 SK-MaSNL
005 20260304230859.0
008 250423c1979 xo 0 slo
015 |a SNBRB19rr/mm-uuuuu 
035 |a CL0042753 
035 |a urn:nbn:sk:snk-abb7wj 
035 |a (urnnbn)urn:nbn:sk:snk:ar-0058y2 
035 |a (uuid)2e65a123-6347-4e76-839f-bf38237a1d17 
040 |a SNKBUCL  |b slo  |c SNKBUCL  |e AACR2 
041 0 |a slo 
044 |a xo  |c SK 
080 |a 621.97  |2 1981 
100 1 |a (kp)  |4 aut  |9 332370 
245 1 0 |a Kováč, A. - Jenkut, M.: Tvárniace stroje  |c (kp) 
650 0 7 |a tvárniace stroje  |2 snkbucl  |9 74893 
650 0 7 |a tvárnenie  |2 snkbucl  |9 19489 
650 0 7 |a učebnice vysokých škôl  |2 snkbucl  |9 87388 
655 7 |a recenzie  |2 SNKPH  |9 21907 
655 7 |a články z novín a časopisov  |2 snkbucl  |9 267496 
773 0 |t Technická práca  |g Roč. 31, č. 4 (1979), s. 78 
787 0 8 |i Rec.:  |a Kováč Andrej  |t Tvárniace stroje  |d Bratislava : Alfa, 1978 
850 |a Slovenská národná knižnica 
852 |a Slovenská národná knižnica 
954 |a odborná, vedecká literatúra pôvodná (slovenská)  |2 lita 
958 |a article15 
958 |a RK 
958 |a OND 
958 |a EUIPO 
992 |a RBX 
999 |c 3185821  |d 3187751